Kiến trúc cảnh quan

Gồm 3 chương: Những khái niệm cơ bản (cảnh quan; kiến trúc cảnh quan);lược sử hình thành và phát triển của kiến trúc cảnh quan; quy hoạch và thiết kế cảnh quan.; TM tài liệu tham khảo tr. 221

Sparad:
Bibliografiska uppgifter
Huvudupphovsman: Hàn, Tất Ngạn
Övriga upphovsmän: Trường Đại học Kiến trúc Hà Nội
Materialtyp: Bok
Språk:Undetermined
Publicerad: H. Xây dựng 1999
Ämnen:
Länkar:http://lrc.tdmu.edu.vn/opac/search/detail.asp?aID=2&ID=29255
Taggar: Lägg till en tagg
Inga taggar, Lägg till första taggen!
Thư viện lưu trữ: Trung tâm Học liệu Trường Đại học Thủ Dầu Một
LEADER 00938nam a2200217Ia 4500
001 TDMU_29255
008 210410s9999 xx 000 0 und d
082 |a 959.779 
090 |b H105 
100 |a Hàn, Tất Ngạn 
245 0 |a Kiến trúc cảnh quan 
245 0 |c Hàn Tất Ngạn 
260 |a H. 
260 |b Xây dựng 
260 |c 1999 
300 |a 221 tr 
520 |a Gồm 3 chương: Những khái niệm cơ bản (cảnh quan; kiến trúc cảnh quan);lược sử hình thành và phát triển của kiến trúc cảnh quan; quy hoạch và thiết kế cảnh quan.; TM tài liệu tham khảo tr. 221 
650 |a Kiến trúc  |x Cảnh quan 
700 |a Trường Đại học Kiến trúc Hà Nội 
856 |u http://lrc.tdmu.edu.vn/opac/search/detail.asp?aID=2&ID=29255 
980 |a Trung tâm Học liệu Trường Đại học Thủ Dầu Một